| 000 | 00349nam a22001337a 4500 | ||
|---|---|---|---|
| 008 | 170227b xxu||||| |||| 00| 0 eng d | ||
| 020 | _a9780781712255 | ||
| 041 | _aeng | ||
| 080 | _a617 | ||
| 100 | _a5 | ||
| 101 | _aSHK | ||
| 245 |
_aPALLIDAL SURGERY FOR THE TREATMENT OF PARKINSON'S DISEASE AND MOVEMENTS DISORDERS _cKRAUSS, J.K |
||
| 942 |
_2udc _cBK |
||
| 999 |
_c6263 _d6263 |
||